[Event "5. Obert Internacional Masdenverge 2016"]
[Site "Masdenverge ESP"]
[Date "2016.06.25"]
[Round "3.4"]
[White "Aledo Lopez, Angel"]
[Black "Accensi Estrada, Miguel Angel"]
[Result "0-1"]
[WhiteElo "2049"]
[BlackElo "2185"]
[PlyCount "62"]
[EventDate "2016.06.24"]
[EventType "swiss"]
[EventRounds "7"]
[EventCountry "ESP"]
[SourceTitle "Ajedrez en Madrid"]
[Source "lmi"]
[SourceDate "2016.06.24"]
[SourceVersion "1"]
[SourceVersionDate "2018.04.15"]
[SourceQuality "1"]

1. e4 c5 2. c3 g6 3. d4 cxd4 4. cxd4 d5 5. e5 Nc6 6. Nc3 Bg7 7. h3 Nh6 8. Nf3
O-O 9. Qb3 e6 10. Bg5 Qa5 11. Bd2 Nf5 12. Ne2 Qb6 13. Qxb6 axb6 14. g4 Nfe7 15.
Ng3 f6 16. exf6 Bxf6 17. Bc3 Bg7 18. Bg2 b5 19. Ne2 b4 20. Bd2 b6 21. Be3 b3
22. a3 Nb4 23. Kd2 Nc2 24. Rac1 Nc6 25. Ne1 N6xd4 26. Nxd4 Nxd4 27. Rc3 Ba6 28.
Bxd4 Bxd4 29. Rxb3 Rxf2+ 30. Kc1 Bc4 31. Rb4 Rc8 0-1

[Event "5. Obert Internacional Masdenverge 2016"]
[Site "Masdenverge ESP"]
[Date "2016.06.25"]
[Round "3.5"]
[White "Aymerich Rosell, Pablo"]
[Black "Beltran Reverter, Josep M."]
[Result "1-0"]
[WhiteElo "2173"]
[BlackElo "1823"]
[PlyCount "59"]
[EventDate "2016.06.24"]
[EventType "swiss"]
[EventRounds "7"]
[EventCountry "ESP"]
[SourceTitle "Ajedrez en Madrid"]
[Source "lmi"]
[SourceDate "2016.06.24"]
[SourceVersion "1"]
[SourceVersionDate "2018.04.15"]
[SourceQuality "1"]

1. d4 Nf6 2. c4 g6 3. Nc3 Bg7 4. e4 d6 5. Be2 O-O 6. Bg5 c5 7. d5 Qa5 8. Bd2 a6
9. Nf3 Qc7 10. h3 e6 11. O-O exd5 12. exd5 Re8 13. Bd3 Bd7 14. a4 Qc8 15. Bf4
Qc7 16. Qd2 Nh5 17. Bh2 Qd8 18. Bxd6 Bxh3 19. Bxb8 Qxb8 20. gxh3 Nf4 21. Ne2
Nxh3+ 22. Kg2 Qc8 23. Nh2 Be5 24. f4 Bd6 25. Rf3 Nxf4+ 26. Nxf4 Qc7 27. Ng4 Kg7
28. Ne2 Re7 29. Qh6+ Kh8 30. Nf6 1-0

[Event "5. Obert Internacional Masdenverge 2016"]
[Site "Masdenverge ESP"]
[Date "2016.06.25"]
[Round "3.6"]
[White "De La Plaza Gras, Jordi"]
[Black "Campos Olaya, Israel"]
[Result "0-1"]
[WhiteElo "1933"]
[BlackElo "2162"]
[PlyCount "84"]
[EventDate "2016.06.24"]
[EventType "swiss"]
[EventRounds "7"]
[EventCountry "ESP"]
[SourceTitle "Ajedrez en Madrid"]
[Source "lmi"]
[SourceDate "2016.06.24"]
[SourceVersion "1"]
[SourceVersionDate "2018.04.15"]
[SourceQuality "1"]

1. f4 d5 2. Nf3 g6 3. e3 Bg7 4. d4 Nh6 5. Bd3 O-O 6. O-O Bf5 7. c4 c6 8. Nc3 e6
9. c5 b6 10. b4 a5 11. Ba3 Bxd3 12. Qxd3 axb4 13. Bxb4 Na6 14. a3 bxc5 15. dxc5
Nf5 16. Nd4 Qf6 17. Nce2 Ne7 18. Rab1 e5 19. fxe5 Qxe5 20. Ng3 f5 21. Nf3 Qf6
22. h4 f4 23. exf4 Qxf4 24. Ne2 Qg4 25. Qe3 Rae8 26. Qd3 Nc7 27. Bc3 Bxc3 28.
Qxc3 Nb5 29. Qb4 Qxb4 30. axb4 Nf5 31. Rb2 Re4 32. Kh2 Nxh4 33. Ng3 Ref4 34.
Nxh4 Rxh4+ 35. Kg1 Rxf1+ 36. Kxf1 Kg7 37. Kf2 h5 38. Kf3 Rc4 39. Ne2 g5 40. Ke3
Kf6 41. Kd3 Rg4 42. Ng1 Rg3+ 0-1

[Event "5. Obert Internacional Masdenverge 2016"]
[Site "Masdenverge ESP"]
[Date "2016.06.25"]
[Round "3.7"]
[White "Buch Prades, Joan"]
[Black "Rodriguez Marin, Jose"]
[Result "1-0"]
[WhiteElo "2077"]
[BlackElo "1741"]
[PlyCount "73"]
[EventDate "2016.06.24"]
[EventType "swiss"]
[EventRounds "7"]
[EventCountry "ESP"]
[SourceTitle "Ajedrez en Madrid"]
[Source "lmi"]
[SourceDate "2016.06.24"]
[SourceVersion "1"]
[SourceVersionDate "2018.04.15"]
[SourceQuality "1"]

1. d4 Nf6 2. c4 d5 3. cxd5 Nxd5 4. e4 Nf6 5. Nc3 e6 6. Bg5 h6 7. Bh4 Be7 8. Bg3
c5 9. d5 exd5 10. exd5 Qb6 11. Qc2 O-O 12. Bc4 Bd6 13. Nge2 Bxg3 14. hxg3 a6
15. O-O Qd6 16. a4 Ng4 17. Ne4 Qe5 18. Nf4 Bf5 19. Rfe1 g5 20. Nd3 Qc7 21. f3
Bxe4 22. Rxe4 Nf6 23. Re2 Nbd7 24. g4 Qd6 25. Rd1 Rfe8 26. Rxe8+ Rxe8 27. Nf2
Re3 28. a5 Ne5 29. Be2 Ng6 30. Bc4 Nf4 31. Qf5 Kg7 32. Ne4 Nxe4 33. fxe4 Ng6
34. Rf1 Ne5 35. b3 f6 36. Qc8 Rxe4 37. Qxb7+ 1-0

[Event "5. Obert Internacional Masdenverge 2016"]
[Site "Masdenverge ESP"]
[Date "2016.06.25"]
[Round "3.8"]
[White "Aledo Yanguas, David"]
[Black "Molano Lafuente, Ismael"]
[Result "0-1"]
[WhiteElo "1800"]
[BlackElo "2065"]
[PlyCount "146"]
[EventDate "2016.06.24"]
[EventType "swiss"]
[EventRounds "7"]
[EventCountry "ESP"]
[SourceTitle "Ajedrez en Madrid"]
[Source "lmi"]
[SourceDate "2016.06.24"]
[SourceVersion "1"]
[SourceVersionDate "2018.04.15"]
[SourceQuality "1"]

1. e4 e5 2. Nf3 d6 3. c3 Nf6 4. Qc2 Be7 5. d4 Nc6 6. d5 Nb8 7. c4 a5 8. Nc3 O-O
9. h3 Na6 10. Be3 b6 11. a3 h6 12. Be2 Nh7 13. Qd2 Ng5 14. Nxg5 Bxg5 15. Bxg5
Qxg5 16. Qxg5 hxg5 17. f3 Bd7 18. Kd2 Nc5 19. Kc2 a4 20. h4 Nb3 21. Raf1 Nd4+
22. Kd2 gxh4 23. Rxh4 f6 24. Rfh1 Kf7 25. Ke3 Rfb8 26. Rc1 Ra5 27. Nb5 Bxb5 28.
cxb5 Rc8 29. Bd3 Nxb5 30. f4 Nd4 31. fxe5 fxe5 32. Rc4 Nb3 33. Rh1 Nc5 34. Rb4
Ke7 35. Rc1 Rf8 36. Bb5 Kd8 37. Rcc4 Rf1 38. Bxa4 Re1+ 39. Kf3 Ke7 40. Bc2 Ra8
41. Kf2 Rc1 42. Rc3 Rf8+ 43. Ke2 Rff1 44. Rbc4 Rg1 45. Rg3 Kf8 46. b4 Rge1+ 47.
Kd2 Nxe4+ 48. Bxe4 Rxc4 49. Rf3+ Ke7 50. Kxe1 Rxe4+ 51. Kf2 Rd4 52. Rc3 Kd8 53.
Rg3 Rxd5 54. Rxg7 Rd3 55. Rg8+ Kd7 56. Ra8 Rb3 57. Ra7 d5 58. g4 e4 59. g5 Rf3+
60. Ke2 Rg3 61. a4 Rxg5 62. a5 bxa5 63. bxa5 d4 64. a6 Rg2+ 65. Kd1 Ra2 66. Ra8
e3 67. Rb8 Rxa6 68. Rb4 Ra1+ 69. Ke2 Ra2+ 70. Kf3 Rd2 71. Rb1 Kd6 72. Re1 Kd5
73. Rc1 c5 0-1

[Event "5. Obert Internacional Masdenverge 2016"]
[Site "Masdenverge ESP"]
[Date "2016.06.25"]
[Round "3.9"]
[White "Aubanell Ber, Sergi"]
[Black "Panella Navarro, Sergi"]
[Result "0-1"]
[WhiteElo "1840"]
[BlackElo "2194"]
[PlyCount "76"]
[EventDate "2016.06.24"]
[EventType "swiss"]
[EventRounds "7"]
[EventCountry "ESP"]
[SourceTitle "Ajedrez en Madrid"]
[Source "lmi"]
[SourceDate "2016.06.24"]
[SourceVersion "1"]
[SourceVersionDate "2018.04.15"]
[SourceQuality "1"]

1. d4 Nf6 2. Bg5 c6 3. Nc3 Qb6 4. Qd2 d5 5. f3 Bf5 6. Bxf6 exf6 7. e4 Be6 8.
exd5 cxd5 9. Bd3 Nc6 10. Nge2 Rc8 11. O-O Nxd4 12. Nxd4 Qxd4+ 13. Kh1 Bc5 14.
Bb5+ Kf8 15. Qe2 Qe3 16. Qd1 Qd4 17. Qe2 Qe5 18. Qd3 Bb4 19. f4 Qf5 20. Qxf5
Bxf5 21. Nxd5 Bd6 22. Ne3 Be4 23. c3 g6 24. Rad1 Bc5 25. Rfe1 a6 26. Ba4 f5 27.
Bb3 Kg7 28. Nc4 Rhd8 29. Ne5 f6 30. Nd7 Ba7 31. Re2 Rc7 32. Red2 Be3 33. Rd6
Bxf4 34. R6d4 Be3 35. Rd6 Rc6 36. Rxc6 Bxc6 37. Be6 f4 38. h3 f3 0-1

[Event "5. Obert Internacional Masdenverge 2016"]
[Site "Masdenverge ESP"]
[Date "2016.06.25"]
[Round "3.10"]
[White "Jove Barbera, Josep Lluis"]
[Black "Montalban Galvez, Antoni"]
[Result "0-1"]
[WhiteElo "1800"]
[BlackElo "2193"]
[PlyCount "108"]
[EventDate "2016.06.24"]
[EventType "swiss"]
[EventRounds "7"]
[EventCountry "ESP"]
[SourceTitle "Ajedrez en Madrid"]
[Source "lmi"]
[SourceDate "2016.06.24"]
[SourceVersion "1"]
[SourceVersionDate "2018.04.15"]
[SourceQuality "1"]

1. d4 Nf6 2. c4 g6 3. Nc3 Bg7 4. e4 d6 5. Be2 c5 6. d5 e6 7. h4 exd5 8. cxd5 h5
9. Nf3 O-O 10. O-O Nbd7 11. Bg5 a6 12. a4 Qe8 13. Qc2 Ng4 14. Rae1 Rb8 15. g3
Nde5 16. Bf4 Nxf3+ 17. Bxf3 Ne5 18. Bg2 b5 19. Ra1 b4 20. Ne2 b3 21. Qb1 a5 22.
Nc3 Bd7 23. Re1 Rb4 24. Qd1 Qb8 25. Bf1 Rd4 26. Qe2 Nd3 27. Be3 Nxe1 28. Qxe1
Rb4 29. Qd2 Re8 30. f3 Bd4 31. Bb5 Bxe3+ 32. Qxe3 Bxb5 33. Nxb5 Rxb5 34. axb5
Qxb5 35. Qc3 Ra8 36. Qf6 Qd7 37. e5 dxe5 38. Qxe5 Rd8 39. Rxa5 Qxd5 40. Rxc5
Qxf3 41. Rc1 Qa8 42. Rf1 Rd2 43. Rf2 Rd1+ 44. Rf1 Rd2 45. Rf2 Qa7 46. Qe8+ Kg7
47. Qe5+ Kh7 48. Qf6 Qxf2+ 49. Qxf2 Rxf2 50. Kxf2 f6 51. Ke3 g5 52. Kd4 Kg6 53.
Kc3 f5 54. Kxb3 f4 0-1

[Event "5. Obert Internacional Masdenverge 2016"]
[Site "Masdenverge ESP"]
[Date "2016.06.25"]
[Round "4.1"]
[White "Campos Olaya, Israel"]
[Black "Jordan Martinez, Miguel"]
[Result "0-1"]
[WhiteElo "2162"]
[BlackElo "2193"]
[PlyCount "84"]
[EventDate "2016.06.24"]
[EventType "swiss"]
[EventRounds "7"]
[EventCountry "ESP"]
[SourceTitle "Ajedrez en Madrid"]
[Source "lmi"]
[SourceDate "2016.06.24"]
[SourceVersion "1"]
[SourceVersionDate "2018.04.15"]
[SourceQuality "1"]

1. e4 e6 2. d4 d5 3. Bd3 dxe4 4. Bxe4 Nf6 5. Bf3 c5 6. Ne2 Nc6 7. Be3 cxd4 8.
Nxd4 Ne5 9. Nc3 a6 10. Qe2 Nxf3+ 11. Qxf3 e5 12. Nf5 Qd7 13. Ng3 Bb4 14. Bd2
O-O 15. O-O-O Qg4 16. Qe3 Re8 17. f3 Qc4 18. Kb1 Be6 19. b3 Qc7 20. Nb5 Bxd2
21. Nxc7 Bxe3 22. Rd3 Bb6 23. Nxa8 Rxa8 24. Re1 Bc7 25. c4 g6 26. Kb2 Re8 27.
Kc3 h5 28. h4 Bb6 29. Re2 Bd4+ 30. Kb4 b6 31. Rd1 Rc8 32. Ne4 Nxe4 33. Rxe4 f5
34. Re2 Kf7 35. a4 a5+ 36. Ka3 Kf6 37. g3 Re8 38. Ka2 Bf7 39. Kb1 Re6 40. Kc2
Be8 41. f4 Bc6 42. fxe5+ Bxe5 0-1

[Event "5. Obert Internacional Masdenverge 2016"]
[Site "Masdenverge ESP"]
[Date "2016.06.25"]
[Round "4.2"]
[White "Hassomal Daswani, Birjkumar"]
[Black "Roig Aguilar, Alejandro"]
[Result "1-0"]
[WhiteElo "2031"]
[BlackElo "2192"]
[PlyCount "79"]
[EventDate "2016.06.24"]
[EventType "swiss"]
[EventRounds "7"]
[EventCountry "ESP"]
[SourceTitle "Ajedrez en Madrid"]
[Source "lmi"]
[SourceDate "2016.06.24"]
[SourceVersion "1"]
[SourceVersionDate "2018.04.15"]
[SourceQuality "1"]

1. e4 c5 2. Nf3 Nc6 3. d4 cxd4 4. Nxd4 Qb6 5. Nb3 Nf6 6. Nc3 e6 7. Qe2 Bb4 8.
Bd2 O-O 9. a3 Bxc3 10. Bxc3 e5 11. O-O-O Rd8 12. g4 d5 13. exd5 Nxd5 14. Bxe5
Nxe5 15. Qxe5 Bxg4 16. Be2 Bxe2 17. Qxe2 Rac8 18. Kb1 a5 19. Qg4 Qxf2 20. Rd2
Ne3 21. Qxg7+ Kxg7 22. Rxf2 a4 23. Rg1+ Kf8 24. Nc1 Rc6 25. Nd3 Re8 26. Rg5 b6
27. h4 h6 28. Rb5 f5 29. Rf4 Kg7 30. Rxa4 Rxc2 31. Rxb6 Rc7 32. Nf4 Rce7 33.
Rg6+ Kh7 34. Raa6 Ng4 35. Nd5 Re2 36. Rgb6 Rd8 37. Rb7+ Kh8 38. Nf4 Red2 39.
Ng6+ Kg8 40. Raa7 1-0

[Event "5. Obert Internacional Masdenverge 2016"]
[Site "Masdenverge ESP"]
[Date "2016.06.25"]
[Round "4.3"]
[White "Accensi Estrada, Miguel Angel"]
[Black "Aymerich Rosell, Pablo"]
[Result "1/2-1/2"]
[WhiteElo "2185"]
[BlackElo "2173"]
[PlyCount "86"]
[EventDate "2016.06.24"]
[EventType "swiss"]
[EventRounds "7"]
[EventCountry "ESP"]
[SourceTitle "Ajedrez en Madrid"]
[Source "lmi"]
[SourceDate "2016.06.24"]
[SourceVersion "1"]
[SourceVersionDate "2018.04.15"]
[SourceQuality "1"]

1. c4 Nf6 2. g3 e6 3. Bg2 d5 4. Nf3 d4 5. d3 Nc6 6. O-O Be7 7. e4 e5 8. Nh4 O-O
9. Nf5 Bc5 10. a3 a5 11. b3 Re8 12. g4 Bf8 13. f3 Nd7 14. Ra2 Nc5 15. Rb2 a4
16. b4 Nb3 17. Bd2 Nxd2 18. Qxd2 g6 19. Nh6+ Bxh6 20. Qxh6 g5 21. h4 gxh4 22.
Kf2 Ne7 23. Qxh4 Ng6 24. Qxd8 Rxd8 25. Rh1 Nf4 26. Bf1 f6 27. Ke1 Rf8 28. Rbh2
Rf7 29. Nd2 c6 30. Be2 b5 31. c5 Be6 32. Nf1 Raa7 33. Ng3 Rg7 34. Nh5 Nxh5 35.
Rxh5 Rg5 36. Rh6 Rg6 37. R6h4 Rag7 38. Kd2 Kh8 39. Kc2 Rg5 40. Kb2 Bf7 41. Rh6
R5g6 42. R6h5 Rg5 43. Rh6 R5g6 1/2-1/2

[Event "5. Obert Internacional Masdenverge 2016"]
[Site "Masdenverge ESP"]
[Date "2016.06.25"]
[Round "4.4"]
[White "Panella Navarro, Sergi"]
[Black "Buch Prades, Joan"]
[Result "1-0"]
[WhiteElo "2194"]
[BlackElo "2077"]
[PlyCount "43"]
[EventDate "2016.06.24"]
[EventType "swiss"]
[EventRounds "7"]
[EventCountry "ESP"]
[SourceTitle "Ajedrez en Madrid"]
[Source "lmi"]
[SourceDate "2016.06.24"]
[SourceVersion "1"]
[SourceVersionDate "2018.04.15"]
[SourceQuality "1"]

1. e4 c5 2. Nf3 Nc6 3. d4 cxd4 4. Nxd4 g6 5. Nc3 Bg7 6. Be3 Nf6 7. Bc4 O-O 8.
Bb3 d6 9. f3 Bd7 10. Qd2 Na5 11. O-O-O Nxb3+ 12. cxb3 a5 13. a4 Rc8 14. Kb1 Bc6
15. Bh6 Qb6 16. h4 Rfd8 17. Bxg7 Kxg7 18. h5 e5 19. hxg6 fxg6 20. Ne6+ Kg8 21.
Qg5 Nxe4 22. Rxh7 1-0

[Event "5. Obert Internacional Masdenverge 2016"]
[Site "Masdenverge ESP"]
[Date "2016.06.25"]
[Round "4.5"]
[White "Montalban Galvez, Antoni"]
[Black "Gallego Montes, Antoni"]
[Result "1-0"]
[WhiteElo "2193"]
[BlackElo "1959"]
[PlyCount "105"]
[EventDate "2016.06.24"]
[EventType "swiss"]
[EventRounds "7"]
[EventCountry "ESP"]
[SourceTitle "Ajedrez en Madrid"]
[Source "lmi"]
[SourceDate "2016.06.24"]
[SourceVersion "1"]
[SourceVersionDate "2018.04.15"]
[SourceQuality "1"]

1. d4 e6 2. c4 f5 3. Nf3 Nf6 4. g3 b6 5. Bg2 Bb7 6. O-O d5 7. Ne5 Nbd7 8. Nc3
Ne4 9. Qa4 Bd6 10. Nc6 Qf6 11. cxd5 exd5 12. Nxd5 Qe6 13. Nc3 O-O 14. d5 Nxc3
15. dxe6 Nxa4 16. exd7 Nc5 17. d8=Q Raxd8 18. Nxd8 Rxd8 19. Bxb7 Nxb7 20. Be3
Nc5 21. Bxc5 Bxc5 22. Rfd1 Bd6 23. e3 Kf7 24. Kf1 Re8 25. Ke2 Ke6 26. Kd3 Be5
27. Kc2 a5 28. Rd3 Bd6 29. Rad1 Re7 30. R1d2 Bb4 31. Re2 Bd6 32. e4 Kf6 33. e5+
Rxe5 34. Rxe5 Bxe5 35. f4 Bd6 36. Kb3 h6 37. Kc4 g5 38. fxg5+ hxg5 39. Kd5 g4
40. Rd2 f4 41. gxf4 Bxf4 42. Rf2 Kf5 43. a4 Kg5 44. Ke4 Bd6 45. Rg2 Kh4 46. Kf5
g3 47. hxg3+ Bxg3 48. Rc2 Bd6 49. Ke6 Kg4 50. Kd7 Kf4 51. Rxc7 Bc5 52. Rxc5
bxc5 53. Kc6 1-0

[Event "5. Obert Internacional Masdenverge 2016"]
[Site "Masdenverge ESP"]
[Date "2016.06.25"]
[Round "4.6"]
[White "Brusi Noguera, Ricardo Ll."]
[Black "Jardi Talarn, Joan Salvado"]
[Result "1-0"]
[WhiteElo "2126"]
[BlackElo "1923"]
[PlyCount "47"]
[EventDate "2016.06.24"]
[EventType "swiss"]
[EventRounds "7"]
[EventCountry "ESP"]
[SourceTitle "Ajedrez en Madrid"]
[Source "lmi"]
[SourceDate "2016.06.24"]
[SourceVersion "1"]
[SourceVersionDate "2018.04.15"]
[SourceQuality "1"]

1. d4 e6 2. c4 f5 3. g3 Nf6 4. Bg2 Be7 5. Nf3 d6 6. b3 O-O 7. Bb2 Ne4 8. O-O a5
9. Nbd2 d5 10. Ne5 Nxd2 11. Qxd2 c6 12. f3 Bg5 13. Qc3 Nd7 14. e4 f4 15. Ba3
Be7 16. Bxe7 Qxe7 17. gxf4 Rxf4 18. Nd3 Rh4 19. cxd5 cxd5 20. Qc7 Qf6 21. e5
Qh6 22. Qd8+ Nf8 23. f4 Qg6 24. Qxh4 1-0

[Event "5. Obert Internacional Masdenverge 2016"]
[Site "Masdenverge ESP"]
[Date "2016.06.25"]
[Round "4.7"]
[White "Jausas Lopez, Andrea"]
[Black "Jordan Martinez, David"]
[Result "0-1"]
[WhiteElo "1838"]
[BlackElo "2195"]
[PlyCount "138"]
[EventDate "2016.06.24"]
[EventType "swiss"]
[EventRounds "7"]
[EventCountry "ESP"]
[SourceTitle "Ajedrez en Madrid"]
[Source "lmi"]
[SourceDate "2016.06.24"]
[SourceVersion "1"]
[SourceVersionDate "2018.04.15"]
[SourceQuality "1"]

1. Nf3 Nf6 2. c4 g6 3. g3 Bg7 4. Bg2 O-O 5. d4 d6 6. O-O Nc6 7. Nc3 a6 8. b3
Rb8 9. Bb2 b5 10. cxb5 axb5 11. Re1 b4 12. Na4 Bb7 13. Rc1 Qd7 14. e4 Na7 15.
d5 c6 16. Nb6 Qd8 17. dxc6 Nxc6 18. Nc4 Na5 19. Nd4 Nxc4 20. Rxc4 Qb6 21. e5
dxe5 22. Nc6 Bxc6 23. Rxc6 Qa5 24. Bxe5 Rb5 25. Qa1 Rc5 26. Rxc5 Qxc5 27. Bd4
Qd6 28. Rc1 Ne8 29. Rd1 Qa6 30. Bd5 Qa5 31. Bg2 Bxd4 32. Qxd4 Nd6 33. Re1 Rc8
34. Bh3 Rc7 35. Qh4 f6 36. Qh6 Nf5 37. Qf4 e5 38. Qd2 Nd4 39. Bg2 Rc2 40. Qh6
Nf5 41. Qh3 Qc5 42. Rf1 Rxa2 43. g4 Nd4 44. Kh1 Qc3 45. Bd5+ Kg7 46. Qh4 Ra1
47. Rxa1 Qxa1+ 48. Kg2 Qc1 49. Bc4 Qf4 50. Qh3 Qe4+ 51. Kg1 Nf3+ 52. Kf1 Nd2+
53. Kg1 Nxc4 54. bxc4 Qxc4 55. Qf3 e4 56. Qe3 Qd3 57. Qa7+ Kh6 58. Qb6 Qd1+ 59.
Kg2 Qxg4+ 60. Kf1 Qd1+ 61. Kg2 Qf3+ 62. Kg1 e3 63. fxe3 Qd1+ 64. Kg2 Qd5+ 65.
Kf2 b3 66. Qb4 Qf5+ 67. Kg3 Qe5+ 68. Kg4 f5+ 69. Kh3 Qxe3+ 0-1

[Event "5. Obert Internacional Masdenverge 2016"]
[Site "Masdenverge ESP"]
[Date "2016.06.25"]
[Round "4.8"]
[White "Taglione, Stefano"]
[Black "Colls Gelaberto, Emili"]
[Result "0-1"]
[WhiteElo "1795"]
[BlackElo "2135"]
[PlyCount "150"]
[EventDate "2016.06.24"]
[EventType "swiss"]
[EventRounds "7"]
[EventCountry "ESP"]
[SourceTitle "Ajedrez en Madrid"]
[Source "lmi"]
[SourceDate "2016.06.24"]
[SourceVersion "1"]
[SourceVersionDate "2018.04.15"]
[SourceQuality "1"]

1. d4 Nf6 2. Nc3 d5 3. Bg5 Nbd7 4. f3 e6 5. e4 Be7 6. Qd2 c6 7. O-O-O b5 8. Bd3
Nb6 9. e5 Nfd7 10. h4 Nc4 11. Bxe7 Qxe7 12. Qg5 Kf8 13. Qxe7+ Kxe7 14. Bxc4
bxc4 15. Nce2 c5 16. c3 cxd4 17. cxd4 Ba6 18. Nc3 Rab8 19. Nh3 Bb5 20. Rhf1 h5
21. Rf2 Rb7 22. f4 g6 23. Ng1 Nb8 24. Nge2 Bd7 25. Kb1 Na6 26. Rd2 Rhb8 27. g3
Nb4 28. Nc1 a5 29. Rg2 a4 30. a3 Nc6 31. N3a2 Na5 32. Nb4 Rc8 33. Rc2 Bb5 34.
Rc3 Rcb8 35. Rg1 Bd7 36. Nca2 Rf8 37. Nc1 Rfb8 38. Re1 Ke8 39. Ree3 Nc6 40. Ne2
Nxb4 41. axb4 Rxb4 42. Rc2 Ke7 43. Ra3 Rb3 44. Rxb3 Rxb3 45. Rc3 Rb4 46. Kc2
Kd8 47. Ra3 Kc7 48. Nc3 Kb6 49. Kc1 Ka5 50. Kc2 Rb3 51. Kc1 Rb8 52. Ne2 Rf8 53.
Kc2 Rb8 54. Nc3 Ra8 55. Ne2 Kb6 56. Kc3 Kc7 57. Kc2 Kd8 58. Nc3 Ke7 59. Ne2 f6
60. Kc3 fxe5 61. dxe5 Kd8 62. Nd4 Kc7 63. b3 cxb3 64. Nxb3 Kb6 65. Nd4 Rc8+ 66.
Kd2 Rc4 67. Nc2 Kc5 68. Ne3 Rd4+ 69. Ke2 Bb5+ 70. Kf2 Rd2+ 71. Ke1 Re2+ 72. Kd1
Kb4 73. Ra1 Rxe3 74. Rb1+ Rb3 75. Rc1 Bc4 0-1

[Event "5. Obert Internacional Masdenverge 2016"]
[Site "Masdenverge ESP"]
[Date "2016.06.25"]
[Round "4.9"]
[White "Beltran Reverter, Josep M."]
[Black "Aledo Lopez, Angel"]
[Result "0-1"]
[WhiteElo "1823"]
[BlackElo "2049"]
[PlyCount "58"]
[EventDate "2016.06.24"]
[EventType "swiss"]
[EventRounds "7"]
[EventCountry "ESP"]
[SourceTitle "Ajedrez en Madrid"]
[Source "lmi"]
[SourceDate "2016.06.24"]
[SourceVersion "1"]
[SourceVersionDate "2018.04.15"]
[SourceQuality "1"]

1. d4 Nf6 2. c4 e5 3. dxe5 Ng4 4. Bf4 g5 5. Bg3 Nc6 6. Nf3 Bg7 7. e3 Ngxe5 8.
Nc3 d6 9. Be2 Be6 10. O-O Nxc4 11. Qc2 N4e5 12. Rfd1 Qe7 13. Nd5 Bxd5 14. Rxd5
O-O 15. a3 Nxf3+ 16. gxf3 Rfe8 17. Rad1 Qf6 18. Rb5 Rab8 19. Bd3 h6 20. Be4 h5
21. Bxc6 bxc6 22. Qxc6 h4 23. Rxb8 Rxb8 24. Qxc7 Rxb2 25. Bxd6 Qxf3 26. Qd8+
Kh7 27. Bg3 hxg3 28. Qd3+ f5 29. Rf1 gxf2+ 0-1

[Event "5. Obert Internacional Masdenverge 2016"]
[Site "Masdenverge ESP"]
[Date "2016.06.25"]
[Round "4.10"]
[White "Subirats Ferrando, Jordi"]
[Black "Canales Garcia, Vicenc"]
[Result "0-1"]
[WhiteElo "1719"]
[BlackElo "2026"]
[PlyCount "72"]
[EventDate "2016.06.24"]
[EventType "swiss"]
[EventRounds "7"]
[EventCountry "ESP"]
[SourceTitle "Ajedrez en Madrid"]
[Source "lmi"]
[SourceDate "2016.06.24"]
[SourceVersion "1"]
[SourceVersionDate "2018.04.15"]
[SourceQuality "1"]

1. d4 Nf6 2. Nf3 d5 3. Bf4 Bf5 4. e3 e6 5. Nbd2 Bd6 6. Ne5 O-O 7. h3 c5 8. c3
Qb6 9. g4 Bg6 10. Nxg6 fxg6 11. Bxd6 Qxd6 12. g5 Nfd7 13. f4 Nc6 14. Bg2 cxd4
15. cxd4 Ne7 16. Nb3 Rac8 17. Qd2 Nb6 18. Bf1 Nc4 19. Bxc4 dxc4 20. Nc5 b6 21.
Ne4 Qd5 22. Nf2 Qf3 23. Qe2 Qd5 24. Rc1 Qa5+ 25. Qd2 Qxa2 26. O-O Qb3 27. Rc3
Qb4 28. Rfc1 Nd5 29. Ne4 Nxc3 30. bxc3 Qa5 31. Qb2 Qd5 32. Nd2 b5 33. Rb1 Rb8
34. Qb4 Qf5 35. Kh2 Qd3 36. Rb2 Qxe3 0-1

[Event "5. Obert Internacional Masdenverge 2016"]
[Site "Masdenverge ESP"]
[Date "2016.06.25"]
[Round "5.1"]
[White "Jordan Martinez, Miguel"]
[Black "Hassomal Daswani, Birjkumar"]
[Result "1/2-1/2"]
[WhiteElo "2193"]
[BlackElo "2031"]
[PlyCount "23"]
[EventDate "2016.06.24"]
[EventType "swiss"]
[EventRounds "7"]
[EventCountry "ESP"]
[SourceTitle "Ajedrez en Madrid"]
[Source "lmi"]
[SourceDate "2016.06.24"]
[SourceVersion "1"]
[SourceVersionDate "2018.04.15"]
[SourceQuality "1"]

1. e4 c5 2. Nf3 d6 3. d4 cxd4 4. Nxd4 Nf6 5. Nc3 g6 6. Be2 Bg7 7. Be3 Nbd7 8.
Qd2 a6 9. f3 b5 10. a4 b4 11. Na2 a5 12. Nc1 1/2-1/2

[Event "5. Obert Internacional Masdenverge 2016"]
[Site "Masdenverge ESP"]
[Date "2016.06.25"]
[Round "5.2"]
[White "Aymerich Rosell, Pablo"]
[Black "Panella Navarro, Sergi"]
[Result "1/2-1/2"]
[WhiteElo "2173"]
[BlackElo "2194"]
[PlyCount "63"]
[EventDate "2016.06.24"]
[EventType "swiss"]
[EventRounds "7"]
[EventCountry "ESP"]
[SourceTitle "Ajedrez en Madrid"]
[Source "lmi"]
[SourceDate "2016.06.24"]
[SourceVersion "1"]
[SourceVersionDate "2018.04.15"]
[SourceQuality "1"]

1. d4 Nf6 2. c4 g6 3. Nc3 Bg7 4. e4 d6 5. Be2 O-O 6. Bg5 c5 7. d5 e6 8. Qd2
exd5 9. exd5 Re8 10. Nf3 a6 11. a4 Bg4 12. O-O Nbd7 13. h3 Bxf3 14. Bxf3 Qa5
15. Be2 Ne4 16. Nxe4 Qxd2 17. Bxd2 Rxe4 18. Rfe1 Rae8 19. Kf1 Kf8 20. Rab1 b6
21. b3 a5 22. Bf3 Rxe1+ 23. Rxe1 Rxe1+ 24. Kxe1 Ke7 25. Be2 h5 26. f4 Bd4 27.
Bd3 f5 28. Ke2 Nf6 29. Kf3 Kf7 30. Be1 Bb2 31. Bh4 Bd4 32. Bc2 1/2-1/2

[Event "5. Obert Internacional Masdenverge 2016"]
[Site "Masdenverge ESP"]
[Date "2016.06.25"]
[Round "5.3"]
[White "Brusi Noguera, Ricardo Ll."]
[Black "Montalban Galvez, Antoni"]
[Result "1/2-1/2"]
[WhiteElo "2126"]
[BlackElo "2193"]
[PlyCount "67"]
[EventDate "2016.06.24"]
[EventType "swiss"]
[EventRounds "7"]
[EventCountry "ESP"]
[SourceTitle "Ajedrez en Madrid"]
[Source "lmi"]
[SourceDate "2016.06.24"]
[SourceVersion "1"]
[SourceVersionDate "2018.04.15"]
[SourceQuality "1"]

1. d4 Nf6 2. c4 g6 3. Nc3 Bg7 4. e4 d6 5. h3 O-O 6. Bg5 c5 7. d5 h6 8. Be3 e6
9. Nf3 exd5 10. exd5 Re8 11. Bd3 Nbd7 12. O-O Ne5 13. Nxe5 Rxe5 14. Qd2 Kh7 15.
Bf4 Nh5 16. Bxe5 Bxe5 17. Ne2 f5 18. f4 Bg7 19. Rab1 a5 20. Kh2 Bd7 21. Qc2 Qh4
22. g3 Qf6 23. Nc3 Rf8 24. Be2 Rg8 25. Rbe1 Qf8 26. Bxh5 gxh5 27. h4 Bf6 28.
Nd1 Qg7 29. Rf3 Qg4 30. Qe2 Qg6 31. Nf2 Bxh4 32. Nh1 Bf6 33. Rb3 Bc8 34. Qf3
1/2-1/2